000 00286nam a22001337a 4500
008 170502b xxu||||| |||| 00| 0 eng d
020 _a9780135109793
041 _aeng
080 _a343.9
100 _a13
101 _aSHJ
245 _aCRIMINOLOGY
_cBARKAN.S.R
942 _2udc
_cBK
999 _c12472
_d12472